Al-Quran Al-Karim : Terjemahan Dan Huraian Maksud

Bibliographic Details
Format: Book
Published: Kuala Lumpur : DBP , 1993
Subjects:

MARC

LEADER 00000cam a2200000 7i4500
001 0000007633
002 000008201
005 20000330.0
020 |a 9836236430 
090 0 0 |a 297.1225   |b ALQ 
245 1 0 |a Al-Quran Al-Karim :   |b Terjemahan Dan Huraian Maksud   |c Abu Salah Muhammad Uthman El-Muhammady 
260 |a Kuala Lumpur :   |b DBP ,   |c 1993 
300 |a 1761p. ;   |c 24cm. 
650 0 0 |a Al-Quran-Hermenautics 
999 |a 055660   |b BUKU   |c PINJAMAN   |e PERPUSTAKAAN KOMUNITI CAW KOTA DAMANSARA